Más Platón y menos Prozac: filosofía para la vida cotidiana
Gespeichert in:
| 1. Verfasser: | |
|---|---|
| Format: | Buch |
| Sprache: | Spanisch |
| Veröffentlicht: |
Barcelona
Ediciones B S. A
2000
|
| Ausgabe: | 7a. ed |
| Schriftenreihe: | Sine Qua Non
|
| Schlagworte: | |
| Tags: |
Tag hinzufügen
Keine Tags, Fügen Sie den ersten Tag hinzu!
|
MARC
| LEADER | 00000cam a2200000 a 4500 | ||
|---|---|---|---|
| 001 | UCC1121 | ||
| 003 | CL-VaPUC | ||
| 008 | 170929e20000000sp |||||||||||||||||spa|d | ||
| 020 | |a 8440696841 | ||
| 082 | 0 | 4 | |a 170 |b MAR |2 21 |
| 100 | |a Marinoff, Lou |e autor |9 595162 | ||
| 245 | 1 | 0 | |a Más Platón y menos Prozac: filosofía para la vida cotidiana |
| 250 | |a 7a. ed | ||
| 300 | |a 397 p | ||
| 942 | |c BK | ||
| 945 | |d 20170929 13:43:00 |a dcastane | ||
| 260 | |a Barcelona |b Ediciones B S. A |c 2000 | ||
| 650 | 7 | |a FILOSOFIA PRACTICA |2 CL-VaPUC |9 330862 | |
| 650 | 0 | |a Filosofía moral |9 310115 | |
| 650 | 0 | |a Ética |9 255099 | |
| 583 | |a last modification |c 20170929 13:43:00 |k Rodrigo Vera | ||
| 490 | 0 | |a Sine Qua Non | |
| 999 | |c 369701 |d 369699 | ||
| 952 | |0 0 |1 0 |3 erb |4 0 |6 170_000000000000000_MAR_2000 |7 0 |8 A |9 485682 |a BIBGIM |b BIBGIM |i 5426898 |l 2 |o 170 MAR 2000 |p 5426898 |r 2025-01-15 |s 2023-10-19 |w 2019-11-24 |y BK |z Catalogado en:20170929 |k GIM | ||